| 000 | 00456nam a2200133Ia 4500 | ||
|---|---|---|---|
| 008 | 170221s9999 xx 000 0 und d | ||
| 100 | _aKati Förster | ||
| 245 | _aDo Emotions Pay Off? Effects of Media Brand Emotions on Cognitive Relief, Identification and Prestige | ||
| 245 | _cKati Förster | ||
| 260 | _bOnline Journal of Communication and Media Technologies | ||
| 650 | _xCommunication | ||
| 650 | _xMedia Arts | ||
| 856 | _uhttp://www.ojcmt.net/ | ||
| 999 |
_c312860 _d312860 |
||